000 00745nam a22002177a 4500
003 UA-OsUOA
001 65863
007 ta
008 20091214b un ||||| |||| 00| 0 ukr d
100 _aРоманюк Н.
090 _a2
_bР69
942 _cSA
040 _aUA-OsUOA
_bukr
_cUA-OsUOA
_dUA-OsUOA
245 _aДиво за броньованим склом. У музеї волинської укони виставлено після реставрації лик Холмської Богоматері, яка пам'ятає святого Луку і князя Володимира
300 _aС.9
955 _a0
041 _aukr
080 _a2
773 0 _w65862
650 7 _a2 Релігія. Теологія.
_2UDC
999 _c352400
_d352400